00617nam a2200169Ia 4500008004100000020001800041041000800059082001300067100003900080245008600119250000600205260003900211300001100250650003200261999001900293952013500312210716s2004 xx 000 0 und d a9788129702193 aeng a526 KRAM aKraak, Menno Jan;Ormeling, Ferjan. aCartography: visualization of geospatial data.bVisualization of geospatial data. a1 aNew DelhibPearson Educationc2004 aix,205 aMathematical geography(526) c186139d186139 001040708MCAaAIMITbAIMITeIntel Book Distributorsg175.00l0o526 KRAMpMCA05647r2025-07-21 00:00:00v140.00w2021-07-16yBK